Banka a poisťovňa majú dosť spoločného. Podľa prieskumu čo si myslia študenti o poistení a sporení

Rozdiel medzi sporením a poistením. Pojem poistenie. Analýza vnímania študentov týchto rozdielov.

Gespeichert in:
Bibliographische Detailangaben
1. Verfasser: Škriniar, Pavel, 1979-
Format: Buchkapitel
Sprache:Slowakisch
Schlagworte:
Tags: Tag hinzufügen
Keine Tags, Fügen Sie das erste Tag hinzu!

MARC

LEADER 00000naa a2200000 4500
001 0235662
005 20240502073818.7
041 0 |a slo 
044 |a SK 
245 1 0 |a Banka a poisťovňa majú dosť spoločného. Podľa prieskumu  |b čo si myslia študenti o poistení a sporení  |c Pavel Škriniar 
520 |a Rozdiel medzi sporením a poistením. Pojem poistenie. Analýza vnímania študentov týchto rozdielov. 
610 2 0 |a banky 
610 2 0 |a poisťovne 
610 2 0 |a bankopoisťovne 
610 2 0 |a sporiteľne 
610 2 0 |a študenti 
610 2 0 |a prieskum informačný 
100 1 |a Škriniar, Pavel, 1979-